| 000 | 00608nam a22002411c 4500 | ||
|---|---|---|---|
| 001 | a987663523 | ||
| 008 | 090409s2009 gw |||| 000u rus d | ||
| 041 | _arus | ||
| 100 | 1 | _aPokrovskij, Nikolaj I. | |
| 245 | 0 | 0 | _aKavkazskie vojny i imanat Å amilja |
| 250 | _a2., bearb. Aufl. | ||
| 264 |
_aMoskva : _bROSSPEN, _c2009 |
||
| 300 | _a580 S. | ||
| 600 | 0 | _aSchamil | |
| 651 | 0 | _aKaukasus | |
| 651 | 0 | _aNordkaukasus | |
| 651 | 0 | _aKaukasischer Krieg | |
| 651 | 0 | _aDagestan | |
| 710 | 2 | _aRAN / Sibirskoe otdelenie / Institut istorii | |
| 942 | _cMG | ||
| 040 | _cRU-10907106 | ||
| 003 | RU-10907106 | ||
| 999 |
_c17702 _d17702 |
||